01489nam a2200241 a 450000100100000000500170001000800410002702000150006804000250008310000470010824504800015524600780063526000720071330000170078549000510080250400730085370000480092670000340097471000610100883000560106995201050112599900170123000004125520201002034729.0130920s2001 sp 001 0 spa d a8400080017 aDO-SdBNPbspacBNPHU1 aCortés y Larraz, Pedrod1712-178696785510aDescripción geográfico-moral de la Diócesis de Goathemala :bhecha por su arzobispo el Ilmo Sr. Don Pedro Cortés y Larraz del consejo de su majestad en el tiempo que la visitó y fue desde el día 3 de Noviembre de 1768 hasta el día 1 de Julio de 1769, desde el día 22 de Noviembre de 1769 hasta el 9 de Febrero de 1770 y desde el 6 de junio de 1770 hasta el dia 29 de Agosto del 1770 /cedición de Julio Martín Blasco y Jesús María García Añoveros.10aDescripción geográfico-moral de la Diócesis de Goathemala,1768-1770 aMadrid :bConsejo Superior de Investigaciones Científicas,c2001. av. ;c25 cm.1 aCorpus Hispanorum de pace.aSegunda serie ;v9 aIncluye referencias bibliográficas y notas al pie de las páginas1 aGarcía Añoveros, Jesús María9157001 aMartín Blasco, Julio9678562 aConsejo Superior de Investigaciones Científicas,94786 0aCorpus Hispanorum de pace.pSegunda serien8967857 001050718MOaGRbGRcCTd2013-09-27iLF1l0o p41255-10r2020-06-25w2020-06-25y1ZNo se presta c40745d40745